Personnel a diagnostic approach
Saved in:
| Main Author: | |
|---|---|
| Other Authors: | |
| Format: | Book |
| Language: | English |
| Published: |
Plano, Tex. :
Business Publications,
1985
|
| Edition: | 4th ed. |
| Subjects: | |
| Tags: |
Add Tag
No Tags, Be the first to tag this record!
|
MARC
| LEADER | 00000cam a2200000 i 4500 | ||
|---|---|---|---|
| 001 | 1/45136 | ||
| 008 | 070525s1985 eng d | ||
| 020 | |a 0-256-03267-X | ||
| 035 | |l 10088040 | ||
| 040 | |a GR-MY-UA |b gre |e aacr | ||
| 041 | 0 | |a eng | |
| 082 | 0 | |a 658.3 |2 (22) | |
| 100 | 1 | |a Milkovich, George T. | |
| 245 | 1 | 0 | |a Personnel/human resource management : |b a diagnostic approach / |c George T. Milkovich, William F. Glueck |
| 250 | |a 4th ed. | ||
| 260 | |a Plano, Tex. : |b Business Publications, |c 1985 | ||
| 300 | |a xviii, 772 σ.; |b εικ.; |c 25 εκ. | ||
| 504 | |a Περιλαμβάνει βιβλιογραφικές παραπομπές και ευρετήριο | ||
| 650 | 0 | 0 | |a Personnel management. |
| 700 | 1 | |a Glueck, William F. | |
| 852 | |a INST |b LESVOS |e 20070525 |h 658.3 MIL |p 005100038145 |q 005100038145 |t BK |y 0 | ||
| 901 | |a BIBL1-2007-2 | ||
| 970 | |a ΚΑΡΑ |b ΓΙΑΣΕΜΗ |z 2007/05/25 | ||